000
00344nam a2200157Ia 4500
003
Ost
005
20260225132554.0
008
260225s9999||||xx |||||||||||||| ||und||
040
_c
fsic
041
_a
fre
082
_a
440
100
_a
Ferenczi Thomas
_e
Auteur
245
0
_a
Le Journalisme /
245
0
_c
Ferenczi Thomas
942
_c
كتاب
999
_c
34360
_d
34360